LEADER 01051nam a2200241 i 4500 001 000000043976 003 CaOOAMICUS 005 20090805000000.0 008 090805s1962 xxk u000 u eng u 013 $a15146 040 $aSeMil$bita 100 1 $aHanson, Richard Patrick Crosland <1916- >.$0(OLS)http://semarc/name/16435 245 10$aTradition in the Early Church /$cR. P. C. Hanson. 260 $aLondon :$bSCM Press,$c1962. 300 $a288 p. ;$c22 cm. 490 0 $aThe library of history and doctrines 650 4$aTradizione - Teologia.$0(OLS)http://semarc/subject/5575 650 4$aChiesa primitiva e delle origini - Tradizione - Teologia.$0(OLS)http://semarc/subject/9410 830 4$aThe library of history and doctrines.$0(OLS)http://semarc/title/28957 850 $aSeMil 852 $aSeMil$W1$xVenegono$y1$m2B III 236$j10131$B10131$CSeMilBibl$Z2$F10131 $81 996 $6245$aTradition in the Early Church$9(OLS)http://semarc/title/64826 996 $6260$aLondon :$bSCM Press$9(OLS)http://semarc/publisher/34364 LEADER 00811nam a2200205 i 4500 001 000000228039 003 CaOOAMICUS 005 20140314000000.0 008 140314s1875 it u000 u lat u 013 $a206941 040 $aSeMil$bita 245 10$aIn Aristotelis Stagiritae :$blibros nonnullos commentaris, 5. 300 $a678 p. 500 $aFondo Bidoglio. 773 0 $aTommaso : d'Aquino $tDoctoris Angelici divi Thomae Aquinatis ... Opera omnia.$dParisiis : Apud Ludovicum Vivès, 1871-1880.$g26$w()9986 850 $aSeMil 852 $aSeMil$W1$xVenegono$y1$m2D VII 26 FA$j178385$B178385$CSeMilBibl$Z2$F189132 $8I 941 1 $a2 961 $aLascito: Bidoglio don Maurizio 996 $6245$aIn Aristotelis Stagiritae :$blibros nonnullos commentaris, 5$9(OLS)http://semarc/title/326404